Can you name Taylor Swift's 13 most viewed music videos on youtube? - Statistics

General Stats
  • This quiz has been taken 97 times
  • The average score is 10 of 13
Answer Stats
Views Song % Correct
3.5B Blank Space
93%
3.4B Shake It Off
91%
1.5B Look What You Made Me Do
83%
763M Love Story
83%
1.6B You Belong With Me
81%
1.6B Bad Blood ft. Kendrick Lamar
79%
872M Style
75%
795M We Are Never Ever Getting Back Together
74%
948M Wildest Dreams
73%
689M 22
71%
528M I Knew You Were Trouble
68%
563M Delicate
64%
738M I Don't Wanna Live Forever (Fifty Shades Darker)
30%
No matching quizzes found
Score Distribution
Percent of People with Each Score
Percentile by Number Answered
Your Score History
You have not taken this quiz